000 00465nam a2200193 a 4500
001 1761456968366
003 ACL
005 20251026110744.0
008 251026s2009##################000#0#eng##
020 _a9788177226706
082 0 4 _a658.87
_bSRI
100 1 _aSrinivasan, Srini. R.,
_eauthor.
245 1 0 _aStrategic Retail Management :
260 _c2009.
300 _a384 pages
650 0 _aRetail trade.
942 _cENGLISH
040 _aACL
_beng
_cACL
999 _c593905
_d593905